000 00172 a2200085 4500
041 _aspa
100 _aNeruda, Pablo
245 _aConfieso que he vivido memorias
942 _cBK
999 _c14714
_d14714